| 000 | 01370nam a2200325 a 4500 | ||
|---|---|---|---|
| 005 | 20091211154649.0 | ||
| 008 | 030512s2004 nyua b 000 1 eng | ||
| 020 |
_a0375825258 _c100.00 |
||
| 020 |
_a0375925252 _c100.00 |
||
| 037 | _bBlueberry Books | ||
| 040 |
_adpl _bEnglish |
||
| 082 | _aS | ||
| 100 |
_aGreenburg, J. C. _q(Judith C.) |
||
| 245 |
_aOn the reef / _cby J.C. Greenburg ; illustrated by Jan Gerardi |
||
| 260 |
_aNew York _bRandom House _c2004 |
||
| 300 |
_a85 p. : _bill. _c20 cm(pbk) |
||
| 490 |
_aAndrew lost ; _v7 |
||
| 500 | _a"A Stepping Stone book." | ||
| 520 | _aAfter escaping from the belly of a whale, Andrew and his cousin Judy face more dangers from their underwater nemesis, Soggy Bob, in the Great Barrier Reef. | ||
| 650 |
_aMarine animals _vFiction. |
||
| 650 |
_aInventions _vFiction. |
||
| 650 |
_aCousins _vFiction. |
||
| 700 | _aGerardi, Jan | ||
| 800 |
_aGreenburg, J. C. _q(Judith C.) _tAndrew lost ; _v7. |
||
| 856 |
_3Contributor biographical information _uhttp://www.loc.gov/catdir/bios/random055/2003009681.html |
||
| 856 |
_3Publisher description _uhttp://www.loc.gov/catdir/description/random0414/2003009681.html |
||
| 942 |
_2ddc _cCH _hS _mGRE |
||
| 999 |
_c32582 _d32582 |
||